000 00320nam a2200109 4500
999 _c9656
_d9656
008 180713b ||||| |||| 00| 0 eng d
245 _aPH slowly losing gender disparity in employment and leadership.
260 _aPhilippines
_bManila Bulletin
_cc2016
300 _apage 9.
650 0 _928644
_aSex role.
942 _2ddc
_cPER